[Event "12-Std.-Blitz 2003"]
[Site "Rochade Kuppenheim"]
[Date "2003.05.24"]
[Round "26"]
[White "McShane, L.."]
[Black "Schaack, H.."]
[Result "1-0"]
[WhiteElo "2592"]
[BlackElo "2261"]
[PlyCount "73"]

1. e4 {0} 1... c6 {1} 2. d4 {1} 2... d5 {1} 3. Nd2 {1} 3... dxe4 {1} 4. Nxe4 {2
} 4... Bf5 {1} 5. Ng3 {1} 5... Bg6 {0} 6. h4 {1} 6... h6 {2} 7. h5 {1} 7... Bh7
{3} 8. Nf3 {1} 8... Nd7 {2} 9. Bd3 {1} 9... Bxd3 {0} 10. Qxd3 {3} 10... Ngf6 {0
} 11. Bf4 {3} 11... e6 {0} 12. O-O-O {1} 12... Be7 {0} 13. Kb1 {3} 13... O-O {1
} 14. c4 {5} 14... b5 {8} 15. c5 {2} 15... Nd5 {6} 16. Bc1 {1} 16... b4 {3} 17.
Ne4 {3} 17... N7f6 {10} 18. Ne5 {2} 18... Qc7 {8} 19. f3 {6} 19... Bxc5 {12}
20. Nxc5 {2} 20... Rab8 {5} 21. Na6 {3} 21... Qb6 {3} 22. Nxb8 {1} 22... Nc3+ {
1} 23. bxc3 {17} 23... bxc3+ {1} 24. Ka1 {4} 24... Rxb8 {2} 25. Ba3 {2} 25...
Qa5 {2} 26. Nc4 {4} 26... Qa4 {6} 27. Rb1 {3} 27... Rb5 {17} 28. Rxb5 {15}
28... cxb5 {1} 29. Qxc3 {1} 29... bxc4 {2} 30. Qb4 {1} 30... Qc2 {4} 31. Rc1 {2
} 31... Qxg2 {4} 32. Qf8+ {1} 32... Kh7 {1} 33. Qxf7 {1} 33... Qxf3 {12} 34.
Bf8 {5} 34... Qg4 {24} 35. Qg6+ {2} 35... Qxg6 {7} 36. hxg6+ {1} 36... Kxg6 {0}
37. Rg1+ {emmy gibt auf  (Lag: Av=0.59s, max=0.8s) 1} 1-0

[Event "12-Std.-Blitz 2003"]
[Site "Rochade Kuppenheim"]
[Date "2003.05.24"]
[Round "28"]
[White "McShane, L.."]
[Black "Karabalis, H.."]
[Result "1-0"]
[WhiteElo "2592"]
[BlackElo "2249"]
[PlyCount "89"]

1. e4 {1} 1... e6 {2} 2. d4 {1} 2... d5 {0} 3. Nd2 {1} 3... Nf6 {2} 4. e5 {1}
4... Nfd7 {1} 5. c3 {1} 5... c5 {0} 6. f4 {2} 6... Nc6 {1} 7. Ndf3 {1} 7... Qb6
{2} 8. a3 {0} 8... cxd4 {1} 9. cxd4 {1} 9... f6 {3} 10. Bd3 {1} 10... Be7 {5}
11. Ne2 {1} 11... O-O {1} 12. b4 {2} 12... fxe5 {16} 13. dxe5 {7} 13... h6 {5}
14. Bb1 {7} 14... Rf7 {3} 15. Bg6 {3} 15... Rf8 {3} 16. Qd3 {20} 16... Bxb4+ {7
} 17. axb4 {2} 17... Nxb4 {1} 18. Qd2 {1} 18... Nc5 {7} 19. Rb1 {3} 19... a5 {
12} 20. Ned4 {1} 20... Ne4 {3} 21. Qe2 {41} 21... Nc3 {5} 22. Qe3 {2} 22...
Nxb1 {3} 23. Bxb1 {1} 23... Qa6 {19} 24. g4 {7} 24... Bd7 {1} 25. g5 {1} 25...
h5 {3} 26. Nh4 {30} 26... Rac8 {7} 27. Ng6 {3} 27... Rf7 {6} 28. Kf2 {2} 28...
Bb5 {11} 29. Qf3 {5} 29... Bd3 {3} 30. Qxh5 {4} 30... Bxg6 {13} 31. Bxg6 {1}
31... Nd3+ {3} 32. Kg3 {8} 32... Rc3 {25} 33. Bxf7+ {5} 33... Kf8 {1} 34. Kh4 {
22} 34... Nf2 {9} 35. Qh8+ {2} 35... Kxf7 {2} 36. g6+ {1} 36... Ke7 {11} 37.
Qxg7+ {1} 37... Kd8 {7} 38. Qf8+ {7} 38... Kc7 {4} 39. Qe7+ {5} 39... Kb8 {3}
40. Kg5 {1} 40... Ne4+ {2} 41. Kh6 {1} 41... Rh3+ {2} 42. Kg7 {1} 42... Qd3 {13
} 43. Qd8+ {3} 43... Ka7 {2} 44. Qxa5+ {1} 44... Kb8 {0} 45. Nb5 {
Zeit  (Lag: Av=0.61s, max=1.3s) 1} 1-0

[Event "12-Std.-Blitz 2003"]
[Site "Rochade Kuppenheim"]
[Date "2003.05.24"]
[Round "29"]
[White "Mensch, E.."]
[Black "McShane, L.."]
[Result "0-1"]
[WhiteElo "2337"]
[BlackElo "2592"]
[PlyCount "82"]

1. d4 {4} 1... Nf6 {1} 2. Bg5 {1} 2... Ne4 {2} 3. Bf4 {1} 3... c5 {4} 4. d5 {1}
4... Qb6 {3} 5. Bc1 {2} 5... e6 {3} 6. f3 {8} 6... Nf6 {3} 7. c4 {1} 7... Qb4+
{3} 8. Nc3 {2} 8... Qxc4 {1} 9. e4 {1} 9... Qd4 {2} 10. Qxd4 {11} 10... cxd4 {1
} 11. Nb5 {1} 11... Na6 {9} 12. dxe6 {6} 12... dxe6 {2} 13. Nxd4 {2} 13... Nb4
{6} 14. Bb5+ {5} 14... Bd7 {1} 15. Bxd7+ {1} 15... Nxd7 {1} 16. a3 {12} 16...
Bc5 {14} 17. axb4 {4} 17... Bxd4 {1} 18. Ne2 {1} 18... Bb6 {1} 19. Nc3 {5}
19... Ne5 {2} 20. Ke2 {2} 20... O-O-O {4} 21. Bf4 {14} 21... Nd3 {1} 22. Bg3 {7
} 22... Nxb4 {1} 23. Rhc1 {4} 23... Nc6 {5} 24. Na4 {4} 24... Bc7 {6} 25. Bf2 {
9} 25... Kb8 {2} 26. Nc5 {5} 26... Nd4+ {10} 27. Bxd4 {12} 27... Rxd4 {3} 28.
Rd1 {28} 28... Rhd8 {2} 29. Rxd4 {1} 29... Rxd4 {1} 30. g3 {6} 30... Rc4 {4}
31. Nd7+ {6} 31... Kc8 {1} 32. Nf8 {0} 32... Rc2+ {6} 33. Kd3 {2} 33... Rxh2 {2
} 34. Rxa7 {3} 34... Bxg3 {2} 35. b4 {7} 35... Bd6 {2} 36. Nxh7 {6} 36... Rxh7
{3} 37. b5 {0} 37... Kc7 {1} 38. Ra1 {4} 38... Kb6 {1} 39. Rb1 {2} 39... Rh3 {2
} 40. Ke2 {2} 40... Bf4 {1} 41. Rd1 {3} 41... Rh2+ {
emmy gibt auf  (Lag: Av=0.61s, max=1.5s) 1} 0-1

[Event "12-Std.-Blitz 2003"]
[Site "Rochade Kuppenheim"]
[Date "2003.05.24"]
[Round "30"]
[White "McShane, L.."]
[Black "Appel, R.."]
[Result "1-0"]
[WhiteElo "2592"]
[BlackElo "2503"]
[PlyCount "111"]

1. e4 {0} 1... Nf6 {2} 2. e5 {1} 2... Nd5 {1} 3. d4 {1} 3... d6 {1} 4. Nf3 {1}
4... g6 {1} 5. Bc4 {2} 5... c6 {2} 6. O-O {1} 6... dxe5 {1} 7. Nxe5 {1} 7...
Bg7 {0} 8. Nd2 {1} 8... O-O {1} 9. Ndf3 {1} 9... Nd7 {1} 10. Nd3 {13} 10... b6
{7} 11. Re1 {5} 11... e6 {3} 12. c3 {2} 12... Bb7 {2} 13. Bg5 {4} 13... Qc7 {2}
14. Bb3 {7} 14... c5 {4} 15. dxc5 {10} 15... Nxc5 {2} 16. Nxc5 {6} 16... Qxc5 {
2} 17. Qe2 {1} 17... h6 {4} 18. Bd2 {4} 18... a5 {8} 19. Ne5 {5} 19... Qc7 {29}
20. Ba4 {8} 20... Ba6 {10} 21. c4 {18} 21... Bxe5 {5} 22. Qxe5 {2} 22... Qxe5 {
0} 23. Rxe5 {1} 23... Bxc4 {0} 24. Bxh6 {1} 24... Rfd8 {10} 25. Re4 {9} 25...
Bd3 {10} 26. Rd4 {1} 26... Nb4 {1} 27. Rxd8+ {1} 27... Rxd8 {1} 28. a3 {1}
28... Nd5 {2} 29. Rd1 {2} 29... Be2 {8} 30. Rc1 {2} 30... Kh7 {3} 31. Bg5 {7}
31... Rb8 {2} 32. f3 {2} 32... b5 {2} 33. Bb3 {1} 33... Bc4 {1} 34. Bd1 {3}
34... a4 {1} 35. Kf2 {1} 35... f6 {2} 36. Bd2 {1} 36... e5 {1} 37. Bc2 {1}
37... Kg7 {2} 38. Be4 {2} 38... Nb6 {4} 39. g4 {4} 39... Rd8 {5} 40. Ba5 {2}
40... Rd6 {2} 41. h4 {3} 41... Nd5 {2} 42. Rd1 {3} 42... Rd7 {6} 43. h5 {4}
43... gxh5 {1} 44. gxh5 {1} 44... Kh6 {4} 45. Bd2+ {2} 45... Kg7 {2} 46. h6+ {1
} 46... Kh8 {1} 47. Bf5 {3} 47... Rb7 {6} 48. Rg1 {2} 48... Nf4 {6} 49. Bxf4 {2
} 49... exf4 {1} 50. Rd1 {3} 50... Rb8 {4} 51. Rd7 {2} 51... Re8 {0} 52. Kg2 {6
} 52... Rg8+ {13} 53. Kh3 {6} 53... Rg5 {1} 54. Rd8+ {3} 54... Rg8 {5} 55.
Rxg8+ {1} 55... Kxg8 {1} 56. Kg4 {emmy gibt auf  (Lag: Av=0.66s, max=1.6s) 1}
1-0

[Event "12-Std.-Blitz 2003"]
[Site "Rochade Kuppenheim"]
[Date "2003.05.24"]
[Round "31"]
[White "Kandic, M.."]
[Black "McShane, L.."]
[Result "0-1"]
[WhiteElo "2248"]
[BlackElo "2592"]
[PlyCount "54"]

1. e4 {4} 1... c5 {1} 2. Nf3 {2} 2... Nc6 {3} 3. d4 {4} 3... cxd4 {1} 4. Nxd4 {
2} 4... Nf6 {0} 5. Nc3 {3} 5... e5 {1} 6. Nxc6 {2} 6... bxc6 {6} 7. Bc4 {2}
7... Bb4 {3} 8. O-O {3} 8... O-O {2} 9. Bg5 {4} 9... h6 {3} 10. Bh4 {4} 10...
Bb7 {8} 11. a3 {9} 11... Be7 {1} 12. f3 {9} 12... d6 {11} 13. b4 {6} 13... Qc7
{8} 14. Qe2 {5} 14... Rfd8 {6} 15. Rad1 {5} 15... Rac8 {5} 16. f4 {7} 16...
exf4 {9} 17. e5 {28} 17... dxe5 {14} 18. Bxf6 {2} 18... Bxf6 {2} 19. Ne4 {2}
19... Be7 {18} 20. Qh5 {8} 20... Bf8 {1} 21. Nf6+ {26} 21... gxf6 {6} 22. Qg6+
{2} 22... Bg7 {5} 23. Qf5 {36} 23... c5 {3} 24. Bd3 {3} 24... cxb4 {8} 25. Qh7+
{3} 25... Kf8 {2} 26. axb4 {4} 26... Qc6 {8} 27. Rf2 {10} 27... e4 {
emmy gibt auf  (Lag: Av=0.56s, max=0.8s) 4} 0-1

[Event "12-Std.-Blitz 2003"]
[Site "Rochade Kuppenheim"]
[Date "2003.05.24"]
[Round "32"]
[White "McShane, L.."]
[Black "Teske, H.."]
[Result "1-0"]
[WhiteElo "2592"]
[BlackElo "2524"]
[PlyCount "81"]

1. e4 {1} 1... c5 {2} 2. Nf3 {1} 2... Nc6 {1} 3. Bb5 {1} 3... e5 {2} 4. Nc3 {4}
4... Nge7 {3} 5. d3 {1} 5... g6 {3} 6. O-O {3} 6... Bg7 {1} 7. a3 {3} 7... O-O
{2} 8. Bc4 {4} 8... d6 {2} 9. h3 {2} 9... Nd4 {4} 10. Nh2 {12} 10... Be6 {2}
11. Ng4 {7} 11... h5 {4} 12. Ne3 {2} 12... Rb8 {3} 13. Ncd5 {2} 13... Nxd5 {3}
14. Bxd5 {2} 14... Bxd5 {6} 15. Nxd5 {1} 15... f5 {4} 16. c3 {3} 16... Ne6 {11}
17. b4 {1} 17... Kh7 {3} 18. f3 {3} 18... b6 {5} 19. Be3 {2} 19... Nf4 {2} 20.
Bxf4 {3} 20... exf4 {1} 21. Re1 {5} 21... fxe4 {3} 22. dxe4 {4} 22... Be5 {
emmy bietet Remis 2} 23. Qd3 {5} 23... Rc8 {2} 24. Ra2 {2} 24... c4 {3} 25. Qc2
{2} 25... Qh4 {3} 26. Qf2 {2} 26... Qd8 {2} 27. a4 {1} 27... g5 {2} 28. a5 {2}
28... Rb8 {16} 29. axb6 {1} 29... axb6 {1} 30. Ra7+ {0} 30... Kh6 {4} 31. Rea1
{3} 31... g4 {1} 32. fxg4 {10} 32... hxg4 {2} 33. Re7 {2} 33... g3 {7} 34. Qf3
{3} 34... Ra8 {3} 35. Re6+ {5} 35... Kg7 {6} 36. Qg4+ {1} 36... Kh7 {2} 37.
Qh5+ {2} 37... Kg8 {1} 38. Rxa8 {9} 38... Qxa8 {2} 39. Ne7+ {1} 39... Kg7 {3}
40. Qg6+ {1} 40... Kh8 {2} 41. Qh6# {(Lag: Av=0.65s, max=1.4s) 1} 1-0

[Event "12-Std.-Blitz 2003"]
[Site "Rochade Kuppenheim"]
[Date "2003.05.24"]
[Round "34"]
[White "McShane, L.."]
[Black "Beer, R.."]
[Result "1-0"]
[WhiteElo "2592"]
[BlackElo "2349"]
[PlyCount "37"]

1. e4 {3} 1... c5 {2} 2. Nf3 {1} 2... Nc6 {2} 3. Bb5 {3} 3... d6 {3} 4. O-O {2}
4... Bd7 {2} 5. Re1 {2} 5... e5 {1} 6. c3 {2} 6... Nf6 {9} 7. d4 {1} 7... exd4
{15} 8. cxd4 {1} 8... Be7 {6} 9. e5 {8} 9... dxe5 {24} 10. dxe5 {1} 10... Ng4 {
9} 11. Nc3 {8} 11... O-O {3} 12. h3 {5} 12... Nh6 {10} 13. Bxh6 {2} 13... gxh6
{1} 14. Qd2 {6} 14... a6 {21} 15. Bd3 {13} 15... Bg5 {10} 16. Qe2 {5} 16... Be6
{5} 17. Qe4 {3} 17... f5 {35} 18. exf6 {1} 18... Qd7 {9} 19. Qxe6+ {
emmy gibt auf  (Lag: Av=0.63s, max=1.8s) 7} 1-0

[Event "12-Std.-Blitz 2003"]
[Site "Rochade Kuppenheim"]
[Date "2003.05.24"]
[Round "35"]
[White "Fricker, T.."]
[Black "McShane, L.."]
[Result "0-1"]
[WhiteElo "2166"]
[BlackElo "2592"]
[PlyCount "70"]

1. d4 {4} 1... Nf6 {1} 2. c4 {1} 2... g6 {1} 3. Nc3 {1} 3... d5 {1} 4. e4 {4}
4... dxe4 {6} 5. f3 {3} 5... exf3 {7} 6. Nxf3 {1} 6... Bg7 {1} 7. Be2 {5} 7...
Bg4 {6} 8. O-O {2} 8... O-O {4} 9. h3 {1} 9... Bxf3 {1} 10. Bxf3 {1} 10... c6 {
1} 11. Re1 {4} 11... Nbd7 {1} 12. Bf4 {3} 12... Re8 {8} 13. Kh1 {3} 13... Qa5 {
8} 14. Qb3 {5} 14... Qb6 {2} 15. Rad1 {6} 15... e6 {3} 16. g4 {19} 16... h6 {14
} 17. h4 {9} 17... Rad8 {7} 18. g5 {1} 18... hxg5 {2} 19. hxg5 {1} 19... Nh7 {1
} 20. Re2 {10} 20... Nhf8 {5} 21. Qxb6 {2} 21... axb6 {2} 22. Red2 {6} 22...
Rc8 {14} 23. Rd3 {5} 23... e5 {6} 24. Be3 {13} 24... exd4 {5} 25. Bxd4 {1}
25... Ne5 {4} 26. Bxe5 {9} 26... Bxe5 {1} 27. Bg4 {3} 27... Ra8 {4} 28. a3 {1}
28... Bxc3 {4} 29. Rxc3 {1} 29... Ra5 {1} 30. Rb3 {28} 30... Rxg5 {2} 31. Rxb6
{6} 31... Rxg4 {2} 32. Rxb7 {1} 32... Re5 {2} 33. Rd2 {4} 33... Ne6 {6} 34. Rf2
{3} 34... Ng5 {11} 35. Rc7 {6} 35... Nf3 {
emmy gibt auf  (Lag: Av=0.63s, max=1.9s) 5} 0-1

[Event "12-Std.-Blitz 2003"]
[Site "Rochade Kuppenheim"]
[Date "2003.05.24"]
[Round "36"]
[White "McShane, L.."]
[Black "Schneider, B.."]
[Result "1-0"]
[WhiteElo "2592"]
[BlackElo "2224"]
[PlyCount "57"]

1. e4 {4} 1... c5 {3} 2. Nf3 {5} 2... e6 {2} 3. d3 {2} 3... d5 {8} 4. Qe2 {2}
4... Nc6 {10} 5. g3 {2} 5... dxe4 {10} 6. dxe4 {1} 6... Nf6 {3} 7. Bg2 {2} 7...
Be7 {4} 8. O-O {1} 8... O-O {3} 9. c3 {7} 9... Qc7 {15} 10. e5 {10} 10... Nd5 {
3} 11. Re1 {5} 11... b6 {4} 12. Nbd2 {5} 12... Bb7 {2} 13. h4 {4} 13... Rad8 {4
} 14. Nf1 {7} 14... a6 {15} 15. N1h2 {9} 15... b5 {4} 16. Ng5 {2} 16... h6 {7}
17. Qh5 {1} 17... Nxe5 {26} 18. Nxe6 {2} 18... fxe6 {3} 19. Qxe5 {1} 19... Rd6
{14} 20. Ng4 {4} 20... Nf6 {14} 21. Nxf6+ {19} 21... Rxf6 {4} 22. Bf4 {6} 22...
Bxg2 {3} 23. Kxg2 {1} 23... Qc6+ {3} 24. Qe4 {1} 24... Rd5 {3} 25. Kg1 {10}
25... Bd6 {7} 26. Be3 {8} 26... Be5 {18} 27. a4 {5} 27... c4 {9} 28. axb5 {14}
28... axb5 {4} 29. Ra7 {emmy gibt auf  (Lag: Av=0.59s, max=1.1s) 5} 1-0

[Event "12-Std.-Blitz 2003"]
[Site "Rochade Kuppenheim"]
[Date "2003.05.24"]
[Round "37"]
[White "Wege, J.."]
[Black "McShane, L.."]
[Result "0-1"]
[WhiteElo "2255"]
[BlackElo "2592"]
[PlyCount "122"]

1. e4 {2} 1... c5 {1} 2. b3 {1} 2... Nc6 {1} 3. Bb2 {1} 3... Nf6 {1} 4. Nc3 {2}
4... g6 {3} 5. Bb5 {2} 5... Bg7 {1} 6. d3 {4} 6... O-O {2} 7. Bxc6 {2} 7...
bxc6 {1} 8. f4 {1} 8... d6 {3} 9. Nf3 {1} 9... Qa5 {7} 10. Qd2 {10} 10... Rb8 {
7} 11. O-O {7} 11... c4 {2} 12. dxc4 {3} 12... Nxe4 {4} 13. Nxe4 {1} 13... Qxd2
{1} 14. Nfxd2 {3} 14... Bxb2 {1} 15. Rad1 {1} 15... Bg7 {1} 16. Nf3 {2} 16...
a5 {2} 17. h3 {7} 17... a4 {1} 18. Rd3 {2} 18... Bf5 {3} 19. Re1 {4} 19... Rfe8
{7} 20. g4 {2} 20... Bd7 {4} 21. Nc3 {5} 21... axb3 {3} 22. axb3 {2} 22... Kf8
{3} 23. Ng5 {3} 23... h6 {1} 24. Nge4 {2} 24... Ra8 {2} 25. Re2 {3} 25... Ra1+
{2} 26. Kf2 {2} 26... f5 {2} 27. gxf5 {7} 27... Bxf5 {4} 28. Kg3 {7} 28... Rc1
{6} 29. Rdd2 {7} 29... Ra8 {3} 30. Na4 {3} 30... Rh1 {7} 31. Nf2 {3} 31... Rg1+
{1} 32. Kf3 {2} 32... h5 {5} 33. Rd1 {5} 33... Rxd1 {2} 34. Nxd1 {1} 34... Bxh3
{0} 35. Ne3 {6} 35... Kf7 {4} 36. Kg3 {2} 36... Be6 {1} 37. f5 {6} 37... gxf5 {
2} 38. Rf2 {1} 38... Be5+ {2} 39. Kf3 {1} 39... f4 {2} 40. Ng2 {2} 40... Bg4+ {
2} 41. Ke4 {1} 41... f3 {0} 42. Nh4 {1} 42... Bg3 {1} 43. Rxf3+ {3} 43... Bxf3+
{1} 44. Nxf3 {0} 44... h4 {1} 45. c5 {2} 45... d5+ {1} 46. Kf5 {1} 46... e6+ {1
} 47. Kg4 {3} 47... Kf6 {1} 48. Nb6 {2} 48... Rg8+ {2} 49. Kh3 {1} 49... e5 {2}
50. Nd7+ {2} 50... Ke6 {1} 51. Nb6 {4} 51... Bf2 {1} 52. Nh2 {8} 52... Rg3+ {2}
53. Kxh4 {1} 53... Rxb3+ {1} 54. Kg5 {2} 54... Rg3+ {2} 55. Ng4 {3} 55... Bxc5
{1} 56. Na4 {3} 56... Be7+ {1} 57. Kh5 {2} 57... e4 {3} 58. Nb2 {3} 58... e3 {2
} 59. Nd3 {1} 59... e2 {1} 60. Nf4+ {1} 60... Kf5 {0} 61. Nxe2 {2} 61... Rh3# {
(Lag: Av=0.56s, max=0.8s) 1} 0-1

[Event "12-Std.-Blitz 2003"]
[Site "Rochade Kuppenheim"]
[Date "2003.05.24"]
[Round "38"]
[White "McShane, L.."]
[Black "Kabisch, T.."]
[Result "1-0"]
[WhiteElo "2592"]
[BlackElo "2323"]
[PlyCount "63"]

1. e4 {0} 1... e5 {5} 2. Nf3 {2} 2... Nc6 {3} 3. Bb5 {1} 3... a6 {2} 4. Ba4 {1}
4... Nf6 {5} 5. O-O {1} 5... Be7 {3} 6. Re1 {1} 6... h6 {4} 7. Bxc6 {3} 7...
dxc6 {3} 8. Nxe5 {1} 8... O-O {3} 9. d3 {2} 9... c5 {4} 10. Nc3 {3} 10... b5 {3
} 11. a4 {4} 11... Bd7 {6} 12. Nxd7 {2} 12... Qxd7 {2} 13. Be3 {1} 13... b4 {5}
14. Nb1 {1} 14... Ng4 {6} 15. Nd2 {2} 15... f5 {8} 16. exf5 {7} 16... Qxf5 {4}
17. Ne4 {10} 17... Bh4 {5} 18. Re2 {21} 18... Rae8 {5} 19. b3 {7} 19... Nxe3 {
11} 20. fxe3 {1} 20... Qg4 {8} 21. Qd2 {9} 21... Re5 {12} 22. Rf1 {17} 22...
Rxf1+ {3} 23. Kxf1 {1} 23... Qd7 {8} 24. g3 {3} 24... Qh3+ {6} 25. Kg1 {1}
25... Rf5 {2} 26. Rf2 {3} 26... Be7 {5} 27. Qe2 {7} 27... Re5 {7} 28. Qf3 {4}
28... Kh7 {4} 29. Nd2 {2} 29... Bg5 {3} 30. Nc4 {1} 30... Rd5 {8} 31. Qxd5 {3}
31... Bxe3 {5} 32. Nxe3 {emmy gibt auf  (Lag: Av=0.63s, max=1.1s) 4} 1-0

[Event "12-Std.-Blitz 2003"]
[Site "Rochade Kuppenheim"]
[Date "2003.05.24"]
[Round "39"]
[White "Beikert, G.."]
[Black "McShane, L.."]
[Result "0-1"]
[WhiteElo "2444"]
[BlackElo "2592"]
[PlyCount "134"]

1. e4 {3} 1... c5 {1} 2. Nf3 {1} 2... Nc6 {1} 3. c3 {2} 3... Nf6 {1} 4. e5 {1}
4... Nd5 {0} 5. d4 {1} 5... cxd4 {1} 6. Bc4 {1} 6... e6 {3} 7. cxd4 {1} 7... d6
{0} 8. O-O {2} 8... Be7 {1} 9. Qe2 {1} 9... O-O {2} 10. a3 {2} 10... Qb6 {5}
11. Qe4 {7} 11... Bd7 {7} 12. Bd3 {3} 12... f5 {3} 13. exf6 {1} 13... Nxf6 {1}
14. Qh4 {1} 14... g6 {40} 15. Nc3 {16} 15... d5 {15} 16. Bg5 {33} 16... Qd8 {17
} 17. Rad1 {6} 17... Nh5 {3} 18. Bxe7 {3} 18... Qxe7 {1} 19. Qxe7 {2} 19...
Nxe7 {1} 20. Ne5 {5} 20... Rad8 {2} 21. g3 {4} 21... Nc6 {4} 22. Nxc6 {3} 22...
Bxc6 {2} 23. f4 {3} 23... Kf7 {1} 24. Rfe1 {2} 24... Ng7 {2} 25. Re5 {2} 25...
Rc8 {7} 26. Rde1 {1} 26... Bd7 {1} 27. Kg2 {3} 27... Rc7 {2} 28. h3 {2} 28...
Rfc8 {2} 29. R1e3 {4} 29... a6 {2} 30. g4 {2} 30... b5 {14} 31. Kg3 {1} 31...
Rb7 {3} 32. Ne2 {8} 32... b4 {2} 33. Ng1 {5} 33... bxa3 {1} 34. bxa3 {1} 34...
Rc1 {9} 35. Nf3 {1} 35... h6 {6} 36. Nh4 {1} 36... Rb2 {6} 37. Nxg6 {2} 37...
Rg1+ {2} 38. Kh4 {1} 38... Rh2 {8} 39. Re1 {8} 39... Rxe1 {5} 40. Rxe1 {1}
40... Rd2 {1} 41. Re3 {2} 41... Bb5 {4} 42. Bxb5 {7} 42... axb5 {5} 43. Ne5+ {1
} 43... Kf6 {1} 44. Rb3 {1} 44... Rxd4 {2} 45. Kg3 {11} 45... h5 {4} 46. Rxb5 {
2} 46... h4+ {2} 47. Kxh4 {2} 47... Rxf4 {1} 48. Nc6 {9} 48... Nf5+ {1} 49. Kh5
{2} 49... Ng3+ {1} 50. Kh4 {1} 50... Nf5+ {1} 51. Kh5 {1} 51... Ng3+ {1} 52.
Kh6 {1} 52... Ne4 {3} 53. a4 {5} 53... Rf3 {1} 54. h4 {1} 54... Rh3 {1} 55. h5
{3} 55... Rg3 {1} 56. Nd4 {12} 56... Rxg4 {2} 57. Rb6 {1} 57... Ng5 {2} 58.
Nxe6 {3} 58... Nxe6 {2} 59. a5 {0} 59... Ra4 {1} 60. a6 {1} 60... d4 {0} 61.
Rd6 {1} 61... Ke5 {1} 62. Rd7 {2} 62... Rxa6 {1} 63. Kh7 {1} 63... Rd6 {1} 64.
Rxd6 {2} 64... Kxd6 {1} 65. Kg6 {1} 65... d3 {1} 66. h6 {1} 66... d2 {0} 67.
Kf6 {1} 67... Nf8 {emmy gibt auf  (Lag: Av=0.57s, max=0.9s) 1} 0-1

[Event "12-Std.-Blitz 2003"]
[Site "Rochade Kuppenheim"]
[Date "2003.05.24"]
[Round "41"]
[White "Hofrichter, J.."]
[Black "McShane, L.."]
[Result "0-1"]
[WhiteElo "2156"]
[BlackElo "2592"]
[PlyCount "72"]

1. e4 {2} 1... c5 {1} 2. Nf3 {2} 2... Nc6 {1} 3. d4 {1} 3... cxd4 {1} 4. Nxd4 {
1} 4... Nf6 {1} 5. Nc3 {1} 5... e5 {1} 6. Ndb5 {1} 6... d6 {1} 7. Nd5 {0} 7...
Nxd5 {1} 8. exd5 {0} 8... Ne7 {2} 9. c4 {0} 9... Ng6 {8} 10. Be2 {5} 10... Be7
{2} 11. O-O {1} 11... a6 {2} 12. Nc3 {2} 12... O-O {0} 13. Be3 {5} 13... f5 {2}
14. f3 {16} 14... f4 {12} 15. Bf2 {3} 15... Bh4 {2} 16. Bd3 {9} 16... Bxf2+ {4}
17. Rxf2 {1} 17... Nh4 {1} 18. Ne4 {9} 18... Nf5 {2} 19. Rc1 {12} 19... Ne3 {6}
20. Qb3 {4} 20... b6 {1} 21. Qa3 {3} 21... Bf5 {7} 22. b4 {14} 22... a5 {6} 23.
bxa5 {22} 23... Rxa5 {1} 24. Qb4 {4} 24... Qc7 {5} 25. Rb1 {7} 25... Bxe4 {7}
26. fxe4 {14} 26... Ra6 {17} 27. Qb5 {18} 27... Rfa8 {3} 28. Qc6 {14} 28... Qd8
{32} 29. c5 {8} 29... Rxa2 {2} 30. cxb6 {21} 30... Rxf2 {23} 31. Kxf2 {2} 31...
Ra2+ {' 41} 32. Be2 {2} 32... f3 {1} 33. gxf3 {8} 33... Qh4+ {6} 34. Kxe3 {7}
34... Qh6+ {2} 35. Kf2 {6} 35... Qxh2+ {3} 36. Ke3 {2} 36... Qxe2# {
(Lag: Av=1.01s, max=16.0s) 1} 0-1

[Event "12-Std.-Blitz 2003"]
[Site "Rochade Kuppenheim"]
[Date "2003.05.24"]
[Round "42"]
[White "McShane, L.."]
[Black "Wehner, R.."]
[Result "1-0"]
[WhiteElo "2592"]
[BlackElo "2176"]
[PlyCount "53"]

1. e4 {1} 1... e6 {2} 2. d4 {1} 2... d5 {1} 3. Nd2 {0} 3... Nf6 {1} 4. e5 {1}
4... Nfd7 {1} 5. c3 {0} 5... c5 {1} 6. f4 {0} 6... Nc6 {4} 7. Ndf3 {2} 7...
cxd4 {1} 8. cxd4 {1} 8... Qb6 {9} 9. a3 {2} 9... f6 {2} 10. Bd3 {2} 10... Be7 {
5} 11. Ne2 {1} 11... O-O {3} 12. b4 {2} 12... fxe5 {4} 13. dxe5 {1} 13... Ndxe5
{39} 14. fxe5 {2} 14... Rxf3 {27} 15. gxf3 {1} 15... Nxe5 {1} 16. Qb3 {11}
16... Nxf3+ {8} 17. Kd1 {1} 17... Bf6 {3} 18. Bb2 {13} 18... Bd7 {28} 19. Bxf6
{4} 19... gxf6 {6} 20. Bxh7+ {2} 20... Kxh7 {1} 21. Qxf3 {2} 21... Ba4+ {5} 22.
Kd2 {2} 22... Rc8 {8} 23. Qh5+ {3} 23... Kg7 {3} 24. Rhg1+ {1} 24... Kf8 {1}
25. Qh8+ {3} 25... Ke7 {2} 26. Rg7+ {5} 26... Kd6 {1} 27. Qxc8 {
emmy gibt auf  (Lag: Av=0.62s, max=1.1s) 1} 1-0

[Event "12-Std.-Blitz 2003"]
[Site "Rochade Kuppenheim"]
[Date "2003.05.24"]
[Round "43"]
[White "Hahn, G.."]
[Black "McShane, L.."]
[Result "0-1"]
[WhiteElo "2183"]
[BlackElo "2592"]
[PlyCount "72"]

1. Nf3 {6} 1... c5 {1} 2. g3 {2} 2... Nf6 {2} 3. Bg2 {2} 3... g6 {1} 4. O-O {2}
4... Bg7 {2} 5. c4 {1} 5... O-O {1} 6. Nc3 {1} 6... Nc6 {2} 7. a3 {3} 7... d6 {
4} 8. Rb1 {1} 8... Bf5 {2} 9. d3 {2} 9... Qd7 {1} 10. b4 {3} 10... b6 {8} 11.
Nd5 {7} 11... Nxd5 {14} 12. cxd5 {2} 12... Ne5 {5} 13. Bb2 {3} 13... Nxf3+ {6}
14. Bxf3 {2} 14... Rac8 {4} 15. Bxg7 {3} 15... Kxg7 {1} 16. bxc5 {3} 16... Rxc5
{3} 17. Qd2 {3} 17... Rfc8 {5} 18. Rfc1 {2} 18... Bh3 {10} 19. Rxc5 {3} 19...
Rxc5 {2} 20. Rc1 {3} 20... Qa4 {7} 21. Rxc5 {4} 21... bxc5 {2} 22. Qb2+ {18}
22... Qd4 {1} 23. Qxd4+ {2} 23... cxd4 {1} 24. Bg2 {5} 24... Bxg2 {4} 25. Kxg2
{2} 25... Kf6 {1} 26. e4 {4} 26... dxe3 {2} 27. fxe3 {1} 27... Ke5 {1} 28. e4 {
6} 28... Kd4 {1} 29. Kf3 {1} 29... Kxd3 {1} 30. Kf4 {1} 30... h6 {4} 31. h4 {2}
31... e5+ {12} 32. dxe6 {4} 32... fxe6 {1} 33. g4 {3} 33... e5+ {2} 34. Kf3 {2}
34... a5 {1} 35. g5 {3} 35... hxg5 {2} 36. hxg5 {1} 36... a4 {
emmy gibt auf  (Lag: Av=0.55s, max=0.7s) 1} 0-1

[Event "12-Std.-Blitz 2003"]
[Site "Rochade Kuppenheim"]
[Date "2003.05.24"]
[Round "44"]
[White "McShane, L.."]
[Black "Gheng, J.."]
[Result "1-0"]
[WhiteElo "2592"]
[BlackElo "2335"]
[PlyCount "47"]

1. e4 {0} 1... e5 {4} 2. Nf3 {1} 2... d6 {1} 3. d4 {1} 3... exd4 {1} 4. Nxd4 {2
} 4... Nf6 {1} 5. Nc3 {1} 5... Be7 {1} 6. g3 {2} 6... O-O {2} 7. Bg2 {1} 7...
Re8 {3} 8. O-O {1} 8... Nbd7 {3} 9. h3 {4} 9... Bf8 {4} 10. Re1 {3} 10... Nc5 {
4} 11. b3 {6} 11... c6 {9} 12. Bb2 {2} 12... a5 {3} 13. a4 {4} 13... Qb6 {10}
14. Qd2 {5} 14... Bd7 {9} 15. g4 {1} 15... Rad8 {4} 16. g5 {7} 16... Nh5 {8}
17. Bf3 {5} 17... g6 {13} 18. Bxh5 {1} 18... gxh5 {1} 19. Nf5 {1} 19... Nxe4 {6
} 20. Nxe4 {8} 20... Rxe4 {14} 21. Rxe4 {6} 21... Bxf5 {22} 22. Qc3 {1} 22...
f6 {1} 23. Qxf6 {1} 23... Bxe4 {4} 24. Qe6# {(Lag: Av=0.59s, max=0.8s) 1} 1-0